00465nam a2200145Ia 4500020001800000082001800018100002200036245008600058260004400144300001600188650005000204650002800254650001800282650001900300 a9781107091726 a330.954 MEH-; aMehrotra, Santosh 0aRealising the demographic dividend: policies to achieve inclusive growth in India aDelhibCambridge University Pressc2016 axviii, 477p aECONOMIC DEVELOPMENT - SOCIAL ASPECTS - INDIA aINDIA - ECONOMIC POLICY aSKILLED LABOR aPUBLIC FINANCE